000 00596cam a2200217u 4500
001 3905
003 BD-RjUL
005 20211208233811.0
008 131221s1954 enka 001 0 eng d
035 _a(BD-RjUL)3939
040 _aDLC
_cCarP
_dDLC
_dBD-RjUL
_beng
041 _aeng
082 _a657.04
_bINC 1954
245 1 0 _aIncome redistribution and social policy :
_ba set of studies /
_cedited by Alan T. Peacock,
260 _aLondon,
_bCape
_c1954
300 _a296 p.
_bdiagrs.
_c22 cm.
650 0 _aIncome.
_912446
942 _2ddc
_cBK
999 _c3905
_d3905